| 000 | 00945cab a2200337 4500 | ||
|---|---|---|---|
| 001 | ABS49297 | ||
| 008 | 090401t1993 xxu||||| |||| 00| 0 eng d | ||
| 035 | _a(Sirsi) u70794 | ||
| 041 | _aeng | ||
| 245 | _aCentrefolio: South Hampshire | ||
| 260 | _c1993 | ||
| 350 | _a0 | ||
| 490 |
_aCSW - The Property Week _v44(10) 2 September 1993, 25-49(12) |
||
| 650 | _aCHEMRING GROUP | ||
| 650 | _aEASTLEIGH | ||
| 650 | _aFAREHAM | ||
| 650 | _aINDUSTRIAL MARKET | ||
| 650 | _aM27 | ||
| 650 | _aMAGICUTS | ||
| 650 | _aMENTOR | ||
| 650 | _aPROPERTY-COMMERCIAL PROPERTY-OFFICE PROPERTY-OFFICE PROPERTY MARKET | ||
| 650 | _aPORTSMOUTH | ||
| 650 | _aPOSH WINDOWS | ||
| 650 | _aPROPERTY-COMMERCIAL PROPERTY-RETAIL PROPERTY-RETAIL PROPERTY MARKET | ||
| 650 | _aROAD TEST | ||
| 650 | _aSOUTHAMPTON | ||
| 650 | _aWINCHESTER | ||
| 690 | _aPROPERTY-COMMERCIAL PROPERTY-COMMERCIAL PROPERTY MARKET | ||
| 942 | _n0 | ||
| 948 | _c04/03/1997 | ||
| 999 |
_c44578 _d44578 |
||